000 00499nam a2200181Ia 4500
005 20250317122920.0
008 008 250317s9999 xx 000 0 eng d
037 _aTextbook
040 _aFMSL
_beng
_cFMSL
041 _aeng
_2eng
084 _aB:B3 N7
_qFMSL
100 _aKattsoff L O
_976287
245 0 _aFoundations of contemporary mathematies
260 _aNY
_bNY, McGraw-Hill
_c1967
300 _a553p
942 _cTB
_hB:B3 N7
999 _c1249140
_d1249140